000
00281nam a2200121Ia 4500
008
240625s9999 xx 000 0 und d
041
_a
eng
082
_a
658.4012 CCT
100
_a
BRIGHT IDEAS
245
_a
BUSINESS SUCCESS BUSINESS STRATEGY
260
_c
2007
365
_c
RS
_b
10
999
_c
34085
_d
34085